000 00510nam a2200217Ia 4500
008 210210b1930 xxu||||| |||| 00| 0 eng d
041 _aeng
082 _a828/286
100 _aHEARNSHAW (F J C)
245 _aBritish prime minister of the ninteenth century
260 _aLondon
_bErnest Benn Limited
_c1930
650 _athe
650 _aprime
650 _aof
650 _aninteenth
650 _aminister
650 _acentury
650 _aBritish
690 _aBiography
906 _a016131
999 _c135542
_d135542